Cinéma - Décodeur - Statistiques

Statistiques générales
  • Ce quiz a été pris 3 654 fois
  • Le résultat moyen est 13 sur 28
Statistiques - réponses
Indice Réponse % Correct
I Pays dont l'industrie cinématographique est surnommée Bollywood Inde
98%
L Duo de frères français, inventeurs du cinématographe Auguste et Louis Lumière
94%
A Évènement où un film est diffusé avant sa sortie officielle Avant-première
80%
C Ville des Alpes-Maritimes qui accueille tous les ans un célèbre festival Cannes
76%
E Star de nombreux westerns spaghetti et réalisateur de Million Dollar Baby, Gran Torino et Invictus Clint Eastwood
75%
S Réalisateur le plus rentable de l'histoire Steven Spielberg
70%
U Studio de cinéma historique ayant pour logo un globe terrestre Universal Pictures
69%
T Film ayant détenu le record du box-office mondial entre 1997 et 2010 Titanic
68%
N Acteur américain de Shining, nommé 12 fois pour les récompenses évoquées au-dessus Jack Nicholson
59%
O Film de 2001 qui met en scène le cambriolage d'un casino de Las Vegas Ocean's Eleven
57%
O Récompenses décernées chaque année par l'Academy of Motion Picture Arts and Sciences Oscars
54%
N Mouvement du cinéma français des années 60, représenté par exemple par Jean-Luc Godard, François Truffaut ou Agnès Varda Nouvelle Vague
51%
R Acteur devenu président des États-Unis Ronald Reagan
51%
T Terme technique désignant un mouvement linéaire de la caméra Travelling
49%
U Film de Bryan Singer où des enquêteurs recherchent Kayser Söze Usual Suspects
42%
C Film de 1941 réalisé par Orson Welles, souvent considéré comme le meilleur film de tous les temps Citizen Kane
41%
M Studio américain dont le carton d'introduction est un lion rugissant Metro-Goldwyn-Mayer
40%
O Réalisateur français de comédies telles que La Grande Vadrouille ou Rabbi Jacob Gérard Oury
29%
T Premier film réalisé intégralement en images de synthèse Toy Story
28%
I Format de pellicule plus grand qu'une pellicule conventionnelle, utilisé pour la 1ère fois sur le tournage du Dark Knight de Christopher Nolan IMAX
24%
A Scénariste et dialoguiste célèbre pour son utilisation de l'argot parisien Michel Audiard
21%
N Type de caméra utilisant un capteur électronique plutôt que du film photographique Numérique
21%
C Premier film parlant de l'histoire, sorti en 1927 Le {Chanteur} {de} {Jazz}
18%
E Inventeur américain, fondateur du premier studio de cinéma, le Black Maria Thomas Edison
18%
E Compositeur au style excentrique ayant longuement collaboré avec Tim Burton et Sam Raimi Danny Elfman
16%
Message Silence ! Moteur ! Ça tourne ! Action !
13%
E Cinéaste et théoricien soviétique, considéré comme un des inventeurs du montage Sergueï Eisenstein
11%
R Technique d'animation consistant à dessiner par dessus des images filmées en prise de vue réelle Rotoscopie
7%
Aucun quiz correspondant
Distribution des résultats
% des personnes avec chaque résultat
Percentile par nombre de réponses
Votre historique - résultats
Vous n’avez pas pris ce quiz